000
00321nam a2200121Ia 4500
008
220204s9999 xx 000 0 und d
082
_a
519.2
_b
CAS
100
_a
CASSEKKM Claes-Mangnus
245
0
_a
Foundations of inference in survey sampling
260
_a
New York
_b
John Wiley
_c
1977
650
_a
Sampling
942
_c
BK
999
_c
27468
_d
27468